00318nam a2200121Ia 4500008004100000041001200041082001100053100001900064245007900083260000600162650000600168700002200174221030s9999 xx 000 0 und d aEnglish a105.23 aN. N. Bhargava 0aBasic Electronics & Linear Circuitscby N. N. Bhargava, D. C. Kulshrestha c0 aB aD. C. Kulshrestha